Dynamics and Fluctuations in Biomedical Photonics XVII

Podrobná bibliografie
Další autoři: Tuchin, Valery
Médium: Elektronický zdroj Kniha
Jazyk:English
Vydáno: SPIE Digital Library, 3/4/20
Témata:
On-line přístup:Full text available on Research4Life (SPIE Digital Library)
Classic Catalogue: View this record in Classic Catalogue
LEADER 00910cam a2200193 a 4500
001 AALConferenceProceedingsResearch4Life(SPIE)003418
008 240908c9999 xx r poo 0 0eng d
020 |a 9781510632417 
020 |a 9781510632424 
040 |a BD-DhAAL  |c BD-DhAAL 
245 0 0 |h [electronic resource]  |a Dynamics and Fluctuations in Biomedical Photonics XVII 
260 1 |b SPIE Digital Library,  |c 3/4/20 
300 |a 1 online resource 
500 |a <strong>On-Campus Access Only (IP based access)</strong> 
506 |a Electronic access restricted to authorized BRAC University faculty, staff and students 
538 |a Mode of access: Internet 
655 7 |a Conference papers and proceedings.  |2 Library of Congress 
700 1 |a Tuchin, Valery 
856 4 0 |z Full text available on Research4Life (SPIE Digital Library)  |u https://login.research4life.org/tacsgr1www_spiedigitallibrary_org/conference-proceedings-of-spie/11239